Catálogo de las obras existentes en la Biblioteca del Ateneo Científico y Literario [de Madrid] / (Record no. 32179)

MARC details
000 -LEADER
campo de control de longitud fija 01071nam a2200277 i 4500
001 - NÚMERO DE CONTROL
campo de control 32179
003 - IDENTIFICADOR DE NÚMERO DE CONTROL
campo de control ES-MaACL
005 - FECHA Y HORA DE LA ÚLTIMA TRANSACCIÓN
campo de control 20250903092856.0
007 - CAMPO FIJO DE DESCRIPCIÓN FÍSICA--INFORMACIÓN GENERAL
campo de control de longitud fija t|
007 - CAMPO FIJO DE DESCRIPCIÓN FÍSICA--INFORMACIÓN GENERAL
campo de control de longitud fija t|
008 - DATOS DE LONGITUD FIJA--INFORMACIÓN GENERAL
campo de control de longitud fija 890711s1850 sp c |||| | spa d
080 ## - NÚMERO DE LA CLASIFICACIÓN DECIMAL UNIVERSAL
Número de la Clasificación Decimal Universal 017.1(460.27 M.) Ateneo
110 2# - ENTRADA PRINCIPAL--NOMBRE DE ENTIDAD CORPORATIVA
Nombre de entidad corporativa o nombre de jurisdicción como elemento de entrada Ateneo de Madrid.
Unidad subordinada Biblioteca
9 (RLIN) 1951
245 10 - MENCIÓN DEL TÍTULO
Título Catálogo de las obras existentes en la Biblioteca del Ateneo Científico y Literario [de Madrid] /
Mención de responsabilidad, etc. [Ramón de Navarrete, el bibliotecario].
260 ## - PUBLICACIÓN, DISTRIBUCIÓN, ETC.
Lugar de publicación, distribución, etc. Madrid :
Nombre del editor, distribuidor, etc. [s.n.],
Fecha de publicación, distribución, etc. 1850 (
Lugar de fabricación/manufactura Madrid :
Fabricante Imp. de la Publicidad)
300 ## - DESCRIPCIÓN FÍSICA
Extensión 68 p. ;
Dimensiones 21 cm.
530 ## - NOTA DISPONIBLE DE FORMULARIO FÍSICO ADICIONAL
Nota de formato físico adicional disponible Disponible en formato digital.
610 24 - PUNTO DE ACCESO ADICIONAL DE MATERIA--NOMBRE DE ENTIDAD CORPORATIVA
Nombre de entidad corporativa o nombre de jurisdicción como elemento de entrada Ateneo de Madrid.
Unidad subordinada Biblioteca-
Subdivisión de forma Catálogos
9 (RLIN) 1952
655 #0 - TERMINO DE INDIZACIÓN--GENERO/FORMA
Datos o término principal de género/forma Catálogos de bibliotecas
9 (RLIN) 193634
700 1# - ENTRADA AGREGADA--NOMBRE PERSONAL
Nombre de persona Navarrete, Ramón de,
Fechas asociadas al nombre 1818-1897
9 (RLIN) 85042
852 ## - LOCALIZACIÓN
Ubicación ES-MaACL
Número de control de estantería T-1408-F-4
Nota libre .- Anotaciones manuscritas en cub. y contracub.
852 ## - LOCALIZACIÓN
Ubicación ES-MaACL
Número de control de estantería 2143-F-9
856 ## - LOCALIZACIÓN Y ACCESO ELECTRÓNICOS
Identificador Uniforme de Recursos <a href="http://bdh-rd.bne.es/viewer.vm?id=0000093042&page=1 ">http://bdh-rd.bne.es/viewer.vm?id=0000093042&page=1 </a>
Nota pública Biblioteca Digital Hispánica
942 ## - ELEMENTOS DE ENTRADA SECUNDARIOS (KOHA)
Fuente del sistema de clasificación o colocación Clasificación decimal universal
Holdings
Estatus retirado Estado de pérdida Fuente del sistema de clasificación o colocación Estado de daño No para préstamo Colección Biblioteca de origen Biblioteca actual Ubicación en estantería Fecha de adquisición Total de préstamos Signatura topográfica completa Código de barras Visto por última vez Precio de reemplazo Tipo de ítem Koha
    Clasificación decimal universal     Fondo Ateneo de Madrid Biblioteca del Ateneo de Madrid Biblioteca del Ateneo de Madrid Depósito folletos 17/01/2008   2143-F-9 1033313 23/02/2023 23/02/2023 Folleto
    Clasificación decimal universal     Fondo Ateneo de Madrid Biblioteca del Ateneo de Madrid Biblioteca del Ateneo de Madrid Depósito folletos 17/01/2008   T-1408-F-4 1033312 23/02/2023 23/02/2023 Folleto